The Age of Elegance : (Record no. 590117)

MARC details
000 -LEADER
fixed length control field 00468nam a2200193 a 4500
008 - FIXED-LENGTH DATA ELEMENTS--GENERAL INFORMATION
fixed length control field 250929s1996##################000#0#eng##
020 ## - INTERNATIONAL STANDARD BOOK NUMBER
ISBN 9780714835440
082 04 - DEWEY DECIMAL CLASSIFICATION NUMBER
Classification number 759.13
Item number SAR
100 1# - MAIN ENTRY--AUTHOR NAME
Personal name Press, Editors of Phaidon,
245 10 - TITLE STATEMENT
Title The Age of Elegance :
260 ## - PUBLICATION, DISTRIBUTION, ETC. (IMPRINT)
Name of publisher Phaidon Press,
Year of publication 1996.
300 ## - PHYSICAL DESCRIPTION
Number of Pages 156 pages
650 #0 - SUBJECT ADDED ENTRY--TOPICAL TERM
Topical Term Art.
942 ## - ADDED ENTRY ELEMENTS (KOHA)
Koha item type English Books
Holdings
Withdrawn status Lost status Damaged status Not for loan Home library Current library Shelving location Date acquired Full call number Accession Number Price effective from Koha item type
        Anna Centenary Library Anna Centenary Library 6TH FLOOR, B WING 29.09.2025 759.13 SAR 472925 29.09.2025 English Books

Find us on the map